| 000 | 01179nam0a2200325 i 4500 | ||
|---|---|---|---|
| 001 | RU\NLR\bibl\1937747 | ||
| 005 | 20260406111002.0 | ||
| 010 |
_a9785699555055 _94000 |
||
| 021 |
_aRU _b2012-21567 _9378д/12 |
||
| 035 | _a(NLR Aleph) 001927040 | ||
| 090 |
_a3384065 _c3384065 |
||
| 100 | _a20120824d2012 u y0rusy50 ca | ||
| 101 | 0 | _arus | |
| 102 | _aRU | ||
| 105 | _aa ||||||||| | ||
| 200 | 1 |
_aЧудо в перьях _eрассказы _fГалина Артемьева |
|
| 210 |
_aМосква _cЭксмо _d2012 |
||
| 215 |
_a313, [2] с. _cил. _d21 |
||
| 225 | 1 |
_aЛабиринты души _eпроза Г. Артемьевой |
|
| 300 | _aВ вып. дан. авт.: Галина Артемьева (Лифшиц Галина Марковна) | ||
| 320 | _aДр. кн. авт.: с. 2 | ||
| 686 | _aШ6(2=Р)8-440.5 | ||
| 700 | 1 |
_4070 _8rus _7ca _aАртемьева _bГ. М. _cписатель, психолог _f1950- _gГалина Марковна _3RU\NLR\AUTH\77115606 _998531 |
|
| 801 | 0 |
_aRU _bNLR _c20120824 _gRCR |
|
| 801 | 1 |
_aRU _bNLR _c20120824 |
|
| 942 | _cBOOK | ||
| 980 | _aNBR | ||